000 00252nam a2200109Ia 4500
008 190216s9999||||xx |||||||||||||| ||und||
100 _aEettumanoor Sivakumar
245 0 _aGarudapanchami
260 _bBook Hive Pub
650 _aMalayalam
942 _cBK
999 _c26528
_d26528